000 00337nam a22001453 4500
001 206876
005 20250715135634.0
090 _a206876
100 _a20250715 ukry50
101 _aukr
102 _aUA
200 _a
210 _d2025
801 _2unimarc
_aUA
_gpsbo
942 _cNEWSPAPER